| 000 | 00762nam a2200241 a 4500 | ||
|---|---|---|---|
| 008 | 000418s1997 xo r 0 slo c | ||
| 020 |
_a8088699126 _c10 |
||
| 040 |
_aSNK _bslo _cSNK _eAACR2 |
||
| 041 | 1 |
_aslo _heng |
|
| 044 |
_axo _cSK |
||
| 080 | _a504.75:141.3 | ||
| 100 | 1 |
_aDevall, Bill _4aut |
|
| 245 | 1 | 0 |
_aHlboká ekológia _cBill Devall, George Sessions ; [z anglického originálu preložila Danuta Učníková] |
| 260 |
_aTulčík _bABIES _cc1997 |
||
| 300 |
_a336 s. _c20 cm |
||
| 500 | _aÚdaj o prekl. prevzatý z rubu tit. strany | ||
| 504 | _aReg. Pozn. | ||
| 650 | 0 | 7 |
_aekológia _xmonografie _2SNK |
| 650 | 0 | 7 |
_aprostredie životné _xmonografie _2SNK |
| 700 | 1 |
_aSessions, George _4aut |
|
| 700 | 1 |
_aUčníková, Danuta _4trl |
|
| 958 | _aAPP | ||
| 999 |
_c15267 _d15267 |
||